000 00348nam a2200133Ia 4500
008 151213s9999 xx 000 0 und d
100 _aHarold Bloom
245 _aAlfred Lord Tennyson : Blows Major Poets.
_cHarold Bloom
260 _aU S A
_bHarold Bloom
_c1999
300 _a1890 p.
650 _aEnglish
700 _aHarold Bloom
999 _c1395
_d1395